[Event "Fagernes Norsk op-A"]
[Site "Fagernes"]
[Date "2015.04.04"]
[Round "8"]
[White "Kryger, Oksana"]
[Black "Getz, Nicolai"]
[Result "0-1"]
[WhiteElo "2112"]
[BlackElo "2367"]
[PlyCount "112"]
[EventDate "2015.03.29"]
[EventType "swiss"]
[EventRounds "9"]
[EventCountry "NOR"]
[SourceTitle "CBM 165 Extra"]
[Source "ChessBase"]
[SourceDate "2015.04.21"]
[SourceVersion "1"]
[SourceVersionDate "2015.04.21"]
[SourceQuality "1"]

1. d4 Nf6 2. c4 g6 3. g3 Bg7 4. Bg2 0-0 5. Nc3 d6 6. e4 e5 7. Nge2 exd4 8. Nxd4 Re8 9. 0-0 Nbd7 10. h3 a6 11. Be3 Rb8 12. Re1 Ne5 13. b3 Nfd7 14. a4 Nc5 15. Bf1 Bd7 16. f3 h5 17. Rc1 h4 18. g4 Nc6 19. Rb1 f5 20. b4 Ne6 21. Nxe6 Bxe6 22. Nd5 fxe4 23. fxe4 Ne5 24. c5 Bf7 25. cxd6 Qxd6 26. Bg2 c6 27. Bc5 Qd8 28. Bb6 Qc8 29. Nf4 Nc4 30. Bf2 Qc7 31. Qc1 Rbd8 32. Bxh4 Rd2 33. Ne2 Qd6 34. Rd1 Qd3 35. Bg5 Qxe2 36. Rxd2 Nxd2 37. Qxd2 Qc4 38. Kh1 Rxe4 39. Rc1 Qxb4 40. Bxe4 Qxe4+ 41. Kg1 Bd4+ 42. Kf1 Qf3+ 43. Ke1 c5 44. Bh6 Qh1+ 45. Ke2 Qg2+ 46. Ke1 Qxh3 47. Qf4 Qh1+ 48. Ke2 Qg2+ 49. Ke1 Qa2 50. g5 Qxa4 51. Kf1 Qb5+ 52. Ke1 Qb4+ 53. Kf1 Bc4+ 54. Kg2 Qb2+ 55. Kh3 Be6+ 56. Kh4 Qf2+ 0-1

[Event "Fagernes Norsk op-A"]
[Site "Fagernes"]
[Date "2015.04.03"]
[Round "7"]
[White "Djurhuus, Eivind X"]
[Black "Kryger, Oksana"]
[Result "1/2-1/2"]
[WhiteElo "2077"]
[BlackElo "2112"]
[PlyCount "80"]
[EventDate "2015.03.29"]
[EventType "swiss"]
[EventRounds "9"]
[EventCountry "NOR"]
[SourceTitle "CBM 165 Extra"]
[Source "ChessBase"]
[SourceDate "2015.04.21"]
[SourceVersion "1"]
[SourceVersionDate "2015.04.21"]
[SourceQuality "1"]

1. e4 e6 2. d4 d5 3. Nc3 Nf6 4. e5 Nfd7 5. f4 c5 6. Nf3 Nc6 7. Be3 cxd4 8. Nxd4 Bc5 9. Qd2 a6 10. 0-0-0 0-0 11. Qf2 Qe7 12. Bd3 Bxd4 13. Bxd4 b5 14. Be3 b4 15. Na4 f6 16. exf6 Qxf6 17. Qf3 a5 18. Qh3 g6 19. Bb5 Bb7 20. Kb1 Rf7 21. Rhe1 Rc8 22. Bc5 Nxc5 23. Nxc5 Nd4 24. Nxb7 Nxb5 25. Rxe6 Qxf4 26. Rxg6+ hxg6 27. Qxc8+ Kg7 28. Nd8 Qf1 29. Rc1 Qf5 30. Qc5 d4 31. Qb6 Rf6 32. Qb7+ Kh8 33. g4 Qc5 34. Qd7 Na3+ 35. Ka1 Qxc2 36. Qe8+ Kh7 37. Qe7+ Kg8 38. Qe8+ Kh7 39. Qe7+ Kg8 40. Qe8+ Kh7 1/2-1/2

[Event "Fagernes Norsk op-A"]
[Site "Fagernes"]
[Date "2015.04.02"]
[Round "6"]
[White "Kryger, Oksana"]
[Black "Bjerke, Richard"]
[Result "0-1"]
[WhiteElo "2112"]
[BlackElo "2180"]
[PlyCount "94"]
[EventDate "2015.03.29"]
[EventType "swiss"]
[EventRounds "9"]
[EventCountry "NOR"]
[SourceTitle "CBM 165 Extra"]
[Source "ChessBase"]
[SourceDate "2015.04.21"]
[SourceVersion "1"]
[SourceVersionDate "2015.04.21"]
[SourceQuality "1"]

1. d4 Nf6 2. c4 e6 3. Nf3 Bb4+ 4. Bd2 c5 5. Bxb4 cxb4 6. Nbd2 d6 7. e3 0-0 8. Bd3 Nc6 9. 0-0 e5 10. Qc2 Bd7 11. dxe5 dxe5 12. Ne4 h6 13. Rfd1 Nxe4 14. Bxe4 Qe7 15. Rd2 f5 16. Rad1 Bc8 17. Bd5+ Kh8 18. Bxc6 bxc6 19. Qa4 e4 20. Qxc6 Rb8 21. Ne1 Rb6 22. Qa4 f4 23. exf4 Bg4 24. f3 exf3 25. Nxf3 Bxf3 26. gxf3 Qe3+ 27. Rf2 Rg6+ 28. Kf1 Qxf4 29. Qxb4 Re8 30. Re1 Rxe1+ 31. Qxe1 Qxc4+ 32. Re2 Qxa2 33. Qf2 Qa4 34. Qe3 Qa1+ 35. Re1 Qxb2 36. Qf2 Qb5+ 37. Qe2 Qh5 38. Rd1 Qh3+ 39. Ke1 Rg1+ 40. Kd2 Qd7+ 41. Kc2 Rxd1 42. Qxd1 Qxd1+ 43. Kxd1 Kg8 44. Kd2 Kf7 45. Kd3 Kf6 46. Ke4 a5 47. Kd4 Kf5 0-1

[Event "Borup Skovbo op"]
[Site "Borup"]
[Date "2014.09.13"]
[Round "7"]
[White "Kristensen, Bjarke Hautop"]
[Black "Kryger, Oksana"]
[Result "1/2-1/2"]
[WhiteElo "1936"]
[BlackElo "2070"]
[PlyCount "39"]
[EventDate "2014.09.05"]
[EventType "swiss"]
[EventRounds "9"]
[EventCountry "DEN"]
[SourceTitle "CBM 162 Extra"]
[Source "ChessBase"]
[SourceDate "2014.10.17"]
[SourceVersion "1"]
[SourceVersionDate "2014.10.17"]
[SourceQuality "1"]

1. c4 e6 2. g3 d5 3. Bg2 Nf6 4. Nf3 Be7 5. 0-0 0-0 6. b3 Nbd7 7. Bb2 b6 8. d3 Bb7 9. Nbd2 c5 10. Re1 Qc7 11. e4 dxe4 12. dxe4 e5 13. Qc2 Rad8 14. Nb1 Rfe8 15. Nc3 g6 16. Rad1 Bf8 17. Nd5 Nxd5 18. exd5 f6 19. h4 Bg7 20. h5 1/2-1/2

[Event "Borup Skovbo op"]
[Site "Borup"]
[Date "2014.09.13"]
[Round "8"]
[White "Kryger, Oksana"]
[Black "Pedersen, Henrik Dahl"]
[Result "1-0"]
[WhiteElo "2070"]
[BlackElo "2188"]
[PlyCount "117"]
[EventDate "2014.09.05"]
[EventType "swiss"]
[EventRounds "9"]
[EventCountry "DEN"]
[SourceTitle "CBM 162 Extra"]
[Source "ChessBase"]
[SourceDate "2014.10.17"]
[SourceVersion "1"]
[SourceVersionDate "2014.10.17"]
[SourceQuality "1"]

1. d4 c5 2. d5 g6 3. e4 Bg7 4. Nf3 d6 5. Nc3 a6 6. a4 Bg4 7. Be2 Nd7 8. 0-0 Ngf6 9. Nd2 Bxe2 10. Qxe2 0-0 11. f4 Ne8 12. Nf3 Nc7 13. Rd1 b5 14. axb5 axb5 15. Rxa8 Qxa8 16. Nxb5 Qa6 17. Nc3 Rb8 18. Qe3 e6 19. e5 dxe5 20. fxe5 exd5 21. Nxd5 Nxd5 22. Rxd5 Qe6 23. c4 Nb6 24. Rxc5 Nxc4 25. Qd4 Rc8 26. Rxc8+ Qxc8 27. Bf4 Bf8 28. Kh1 Na5 29. Qd5 Nb7 30. h3 h6 31. e6 fxe6 32. Qe4 g5 33. Qg6+ Bg7 34. Be5 Qd7 35. Bxg7 Qxg7 36. Qxe6+ Kh7 37. b4 Qc7 38. Qf5+ Kg7 39. Ne5 Qc1+ 40. Kh2 Qf4+ 41. Qxf4 gxf4 42. Nd3 f3 43. gxf3 Nd6 44. Kg3 Kg6 45. Kg4 h5+ 46. Kf4 Kf6 47. Nc5 Kg6 48. h4 Nc4 49. Nd7 Nd6 50. Ke5 Nf7+ 51. Ke4 Nd6+ 52. Kd5 Nc8 53. b5 Kf5 54. b6 Nxb6+ 55. Nxb6 Kf4 56. Nc4 Kxf3 57. Ne5+ Kf4 58. Ke6 Ke4 59. Ng6 1-0

[Event "Borup Skovbo op"]
[Site "Borup"]
[Date "2014.09.12"]
[Round "6"]
[White "Kryger, Oksana"]
[Black "Stojanovski, Sandi"]
[Result "1/2-1/2"]
[WhiteElo "2070"]
[BlackElo "2174"]
[PlyCount "49"]
[EventDate "2014.09.05"]
[EventType "swiss"]
[EventRounds "9"]
[EventCountry "DEN"]
[SourceTitle "CBM 162 Extra"]
[Source "ChessBase"]
[SourceDate "2014.10.17"]
[SourceVersion "1"]
[SourceVersionDate "2014.10.17"]
[SourceQuality "1"]

1. d4 Nf6 2. Nf3 e6 3. c4 Bb4+ 4. Bd2 Qe7 5. g3 Nc6 6. Nc3 Bxc3 7. Bxc3 Ne4 8. Rc1 0-0 9. Bg2 Nxc3 10. Rxc3 d6 11. d5 Nd8 12. 0-0 Bd7 13. Qd2 f6 14. Rfc1 c6 15. dxe6 Bxe6 16. Nd4 Bc8 17. Re3 Qc7 18. Rd1 Nf7 19. Ne6 Bxe6 20. Rxe6 Rae8 21. Qe3 Qd7 22. Rxe8 Rxe8 23. Qd2 Qg4 24. e4 Qh5 25. b3 1/2-1/2

[Event "Borup Skovbo op"]
[Site "Borup"]
[Date "2014.09.06"]
[Round "3"]
[White "Antonsen, Mikkel"]
[Black "Kryger, Oksana"]
[Result "1-0"]
[WhiteElo "2459"]
[BlackElo "2070"]
[PlyCount "73"]
[EventDate "2014.09.05"]
[EventType "swiss"]
[EventRounds "9"]
[EventCountry "DEN"]
[SourceTitle "CBM 162 Extra"]
[Source "ChessBase"]
[SourceDate "2014.10.17"]
[SourceVersion "1"]
[SourceVersionDate "2014.10.17"]
[SourceQuality "1"]

1. d4 d5 2. c4 dxc4 3. e4 e5 4. Nf3 exd4 5. Bxc4 Nc6 6. 0-0 Be6 7. Bb5 Bc5 8. b4 Bb6 9. a4 a6 10. Bxc6+ bxc6 11. a5 Ba7 12. Bb2 Nf6 13. Bxd4 0-0 14. Bxa7 Qxd1 15. Rxd1 Rxa7 16. Nc3 Rb7 17. Rab1 Rfb8 18. Ne5 Kf8 19. Nxc6 Ra8 20. Rd8+ Rxd8 21. Nxd8 Rb8 22. Nc6 Rb7 23. Rd1 Bd7 24. Ne5 Ke8 25. Nd3 Bc6 26. f3 Nd7 27. Rc1 Kd8 28. Kf2 Bb5 29. Nxb5 Rxb5 30. Rc6 Nb8 31. Rc5 Rb7 32. Ke3 Ke7 33. Kd2 Kd6 34. Kc3 Ke7 35. Re5+ Kd6 36. Re8 f6 37. Nc5 1-0

[Event "EU-ch (Women) 15th"]
[Site "Plovdiv"]
[Date "2014.07.17"]
[Round "11"]
[White "Kryger, Oksana"]
[Black "Pavlidou, Ekaterini"]
[Result "0-1"]
[WhiteElo "2083"]
[BlackElo "2209"]
[PlyCount "84"]
[EventDate "2014.07.06"]
[EventType "swiss"]
[EventRounds "11"]
[EventCountry "BUL"]
[SourceTitle "CBM 162"]
[Source "ChessBase"]
[SourceDate "2014.09.17"]
[SourceVersion "1"]
[SourceVersionDate "2014.09.17"]
[SourceQuality "1"]

1. Nf3 Nf6 2. d4 e6 3. c4 b6 4. a3 Bb7 5. Nc3 d5 6. cxd5 exd5 7. Bf4 a6 8. e3 Be7 9. h3 0-0 10. Be2 Nbd7 11. 0-0 c5 12. Ne5 Nxe5 13. Bxe5 c4 14. Bf3 b5 15. Qc2 Bc6 16. Qf5 g6 17. Qc2 Qd7 18. b3 Qe6 19. bxc4 bxc4 20. Rfb1 Ne4 21. Nxe4 dxe4 22. Be2 Bd5 23. Qc3 Qc6 24. Bd1 f6 25. Bg3 Bd6 26. Bxd6 Qxd6 27. Be2 Qc7 28. Rb4 Kh8 29. Rc1 Rac8 30. Ra4 Rb8 31. Qa5 Qd7 32. Bxc4 Rfc8 33. Bxd5 Rxc1+ 34. Kh2 Qd6+ 35. g3 Rb2 36. Bxe4 Rxf2+ 37. Bg2 Rcc2 38. Qe1 Rxg2+ 39. Kh1 Rh2+ 40. Kg1 Qc6 41. e4 Rcg2+ 42. Kf1 Qb5+ 0-1

[Event "EU-ch (Women) 15th"]
[Site "Plovdiv"]
[Date "2014.07.16"]
[Round "10"]
[White "Krasteva, Beloslava"]
[Black "Kryger, Oksana"]
[Result "0-1"]
[WhiteElo "1361"]
[BlackElo "2083"]
[PlyCount "112"]
[EventDate "2014.07.06"]
[EventType "swiss"]
[EventRounds "11"]
[EventCountry "BUL"]
[SourceTitle "CBM 162"]
[Source "ChessBase"]
[SourceDate "2014.09.17"]
[SourceVersion "1"]
[SourceVersionDate "2014.09.17"]
[SourceQuality "1"]

1. c4 e5 2. d3 Nf6 3. g3 d5 4. cxd5 Nxd5 5. Nf3 Nc6 6. Bg2 Be7 7. Nbd2 0-0 8. 0-0 Be6 9. Nc4 f6 10. a3 Nb6 11. Nxb6 axb6 12. Qc2 Bd5 13. e4 Be6 14. Be3 Qd7 15. Rfd1 Na5 16. Nd2 c5 17. Nc4 Qb5 18. a4 Qc6 19. f4 Bd6 20. f5 Bf7 21. g4 Be7 22. h4 b5 23. Nxa5 Rxa5 24. b3 bxa4 25. bxa4 Rfa8 26. Rdc1 Qd7 27. g5 b6 28. Rcb1 b5 29. g6 hxg6 30. fxg6 Bxg6 31. Kh2 bxa4 32. Rg1 Bh5 33. Bh3 Qe8 34. Qg2 Bf8 35. Bh6 R8a7 36. Raf1 R5a6 37. Qa2+ Kh8 38. Be3 Qf7 39. Qb2 a3 40. Qf2 a2 41. Ra1 Ra5 42. Rgc1 Qb3 43. Qc2 Qxc2+ 44. Rxc2 Bf7 45. Rb2 Ra8 46. Bd2 Ra3 47. Bf1 c4 48. dxc4 Bg6 49. Bb4 Bxb4 50. Rxb4 Bxe4 51. Bg2 Bxg2 52. Kxg2 Rc3 53. Kh2 Kh7 54. Rb2 Rxc4 55. Rbxa2 Rxa2+ 56. Rxa2 Rxh4+ 0-1

[Event "EU-ch (Women) 15th"]
[Site "Plovdiv"]
[Date "2014.07.15"]
[Round "9"]
[White "Kryger, Oksana"]
[Black "Azimova, Karina"]
[Result "0-1"]
[WhiteElo "2083"]
[BlackElo "2033"]
[PlyCount "58"]
[EventDate "2014.07.06"]
[EventType "swiss"]
[EventRounds "11"]
[EventCountry "BUL"]
[SourceTitle "CBM 162"]
[Source "ChessBase"]
[SourceDate "2014.09.17"]
[SourceVersion "1"]
[SourceVersionDate "2014.09.17"]
[SourceQuality "1"]

1. d4 Nf6 2. c4 e6 3. Nf3 d5 4. Nc3 c5 5. cxd5 Nxd5 6. e4 Nxc3 7. bxc3 cxd4 8. cxd4 Bb4+ 9. Bd2 Bxd2+ 10. Qxd2 0-0 11. Bc4 Nd7 12. 0-0 b6 13. e5 Bb7 14. Qe2 Rc8 15. Rac1 Qe7 16. Ba6 Rxc1 17. Rxc1 Qa3 18. Bxb7 Qxc1+ 19. Ne1 Rd8 20. Qf1 Nxe5 21. f4 Ng4 22. Nf3 Qxf1+ 23. Kxf1 Ne3+ 24. Ke2 Nxg2 25. f5 Nf4+ 26. Ke3 Nd5+ 27. Kd3 Rb8 28. Bxd5 exd5 29. Ne5 Rc8 0-1

[Event "EU-ch (Women) 15th"]
[Site "Plovdiv"]
[Date "2014.07.12"]
[Round "7"]
[White "Kryger, Oksana"]
[Black "Radeva, Viktoria"]
[Result "1-0"]
[WhiteElo "2083"]
[BlackElo "1937"]
[PlyCount "79"]
[EventDate "2014.07.06"]
[EventType "swiss"]
[EventRounds "11"]
[EventCountry "BUL"]
[SourceTitle "CBM 162"]
[Source "ChessBase"]
[SourceDate "2014.09.17"]
[SourceVersion "1"]
[SourceVersionDate "2014.09.17"]
[SourceQuality "1"]

1. d4 Nf6 2. c4 g6 3. g3 Bg7 4. Bg2 0-0 5. Nc3 d6 6. e4 Nc6 7. Nge2 a6 8. 0-0 e5 9. d5 Na5 10. Qd3 c5 11. dxc6 bxc6 12. Rd1 Nb7 13. b3 Qc7 14. h3 Rd8 15. Be3 Bd7 16. Qd2 Ne8 17. Rac1 Be6 18. Nd5 cxd5 19. cxd5 Qe7 20. dxe6 fxe6 21. Nc3 Rac8 22. Na4 Nf6 23. Nb6 Rb8 24. b4 Nd7 25. Rc7 Qe8 26. Rdc1 Nxb6 27. Bxb6 Rd7 28. Bf1 Rxc7 29. Rxc7 Qa4 30. Ba7 Ra8 31. Rxb7 Qc6 32. Rb8+ Bf8 33. Rxa8 Qxa8 34. Qe3 d5 35. exd5 exd5 36. Bc5 Bxc5 37. bxc5 e4 38. Qd4 Kf7 39. Qa4 a5 40. Qd7+ 1-0

[Event "EU-ch (Women) 15th"]
[Site "Plovdiv"]
[Date "2014.07.09"]
[Round "4"]
[White "Sedina, Elena"]
[Black "Kryger, Oksana"]
[Result "1-0"]
[WhiteElo "2288"]
[BlackElo "2083"]
[PlyCount "91"]
[EventDate "2014.07.06"]
[EventType "swiss"]
[EventRounds "11"]
[EventCountry "BUL"]
[SourceTitle "CBM 162"]
[Source "ChessBase"]
[SourceDate "2014.09.17"]
[SourceVersion "1"]
[SourceVersionDate "2014.09.17"]
[SourceQuality "1"]

1. e4 e6 2. d4 d5 3. Nd2 c5 4. Ngf3 cxd4 5. Nxd4 Nf6 6. exd5 Qxd5 7. Nb5 Na6 8. Nc3 Qd6 9. a3 Be7 10. Qf3 Nc7 11. Nc4 Qc6 12. Qxc6+ bxc6 13. Be2 Ncd5 14. Bf3 0-0 15. Ne5 Bb7 16. Bd2 Rfd8 17. 0-0-0 Nd7 18. Nxd7 Rxd7 19. Na4 c5 20. Be3 Rc7 21. Bd2 Nb6 22. Nxb6 axb6 23. Bf4 Bxf3 24. Bxc7 Bxd1 25. Rxd1 b5 26. Rd7 Kf8 27. Bd6 Bxd6 28. Rxd6 Ke7 29. Rb6 Ra5 30. Rb7+ Kf6 31. Kd2 g5 32. f3 h5 33. Kc3 Kg6 34. Rc7 b4+ 35. axb4 cxb4+ 36. Kxb4 Ra2 37. Kc3 e5 38. b4 g4 39. Kb3 Ra1 40. Kb2 Rg1 41. fxg4 hxg4 42. b5 Rd1 43. b6 Rd6 44. b7 Rb6+ 45. Kc1 f5 46. Rc6+ 1-0

[Event "EU-ch (Women) 15th"]
[Site "Plovdiv"]
[Date "2014.07.08"]
[Round "3"]
[White "Kryger, Oksana"]
[Black "Sandu, Mihaela"]
[Result "1/2-1/2"]
[WhiteElo "2083"]
[BlackElo "2308"]
[PlyCount "77"]
[EventDate "2014.07.06"]
[EventType "swiss"]
[EventRounds "11"]
[EventCountry "BUL"]
[SourceTitle "CBM 162"]
[Source "ChessBase"]
[SourceDate "2014.09.17"]
[SourceVersion "1"]
[SourceVersionDate "2014.09.17"]
[SourceQuality "1"]

1. d4 Nf6 2. c4 g6 3. g3 Bg7 4. Bg2 0-0 5. Nc3 d6 6. e4 c5 7. dxc5 dxc5 8. Qxd8 Rxd8 9. e5 Ng4 10. f4 Nc6 11. Bxc6 bxc6 12. Nge2 f6 13. h3 Nh6 14. exf6 Bxf6 15. g4 Nf7 16. Bd2 Nd6 17. b3 Ne4 18. Nxe4 Bxa1 19. Nxc5 e5 20. Ba5 Re8 21. Kd2 Bb2 22. Nd3 exf4 23. Nxb2 f3 24. Ng3 h5 25. gxh5 gxh5 26. h4 Bg4 27. Nd3 Re7 28. Bc3 Rae8 29. Rh2 Re3 30. Bd4 R3e6 31. Bc5 a6 32. Rf2 Kh7 33. Kc3 Kh6 34. Kd2 Rd8 35. Kc3 Rde8 36. Kd2 Rd8 37. Kc3 Rde8 38. Kd2 Rd8 39. Kc3 1/2-1/2

[Event "EU-ch (Women) 15th"]
[Site "Plovdiv"]
[Date "2014.07.06"]
[Round "1"]
[White "Kryger, Oksana"]
[Black "Nechaeva, Marina"]
[Result "1/2-1/2"]
[WhiteElo "2083"]
[BlackElo "2362"]
[PlyCount "166"]
[EventDate "2014.07.06"]
[EventType "swiss"]
[EventRounds "11"]
[EventCountry "BUL"]
[SourceTitle "CBM 162"]
[Source "ChessBase"]
[SourceDate "2014.09.17"]
[SourceVersion "1"]
[SourceVersionDate "2014.09.17"]
[SourceQuality "1"]

1. d4 d5 2. c4 c6 3. cxd5 cxd5 4. Nf3 Nc6 5. Bf4 Nf6 6. Nc3 e6 7. e3 Nh5 8. Be5 f6 9. Bg3 Nxg3 10. hxg3 g6 11. Rc1 Be7 12. Bd3 Kf7 13. a3 Bd7 14. 0-0 Rc8 15. e4 dxe4 16. Bxe4 Re8 17. d5 exd5 18. Bxd5+ Kg7 19. Ne4 b6 20. Qd2 f5 21. Neg5 Ne5 22. Rxc8 Bxc8 23. Rd1 Nxf3+ 24. Nxf3 Bf6 25. Qc2 Qe7 26. Re1 Qd7 27. Rxe8 Qxe8 28. b4 Qd7 29. Bb3 b5 30. Qc5 a6 31. Ne5 Qd8 32. Qa7+ Qe7 33. Qxe7+ Bxe7 34. Bd5 Bf6 35. Nd3 Kf8 36. Kf1 Ke7 37. Ke2 Kd6 38. Bg8 h6 39. Ke3 g5 40. Bb3 Bb7 41. f3 Bc6 42. Bc2 Bd7 43. Nc5 Bc8 44. Nd3 Bc3 45. Bb3 Bf6 46. Bc2 Bd8 47. Nc1 Bb6+ 48. Kd3 Ke5 49. Bb3 Bb7 50. Ke2 Kd4 51. Be6 Kc3 52. Nd3 Bc6 53. Ne5 Be8 54. Nd3 Bc7 55. Bxf5 Bxg3 56. Nc5 Kb2 57. Nxa6 Kxa3 58. Kd3 Be1 59. Nc7 Bc6 60. Be4 Bd7 61. Kd4 Kxb4 62. Bd3 Bf2+ 63. Kd5 Bg3 64. Na6+ Kc3 65. Nc5 Bf2 66. Bxb5 Bxb5 67. Ne4+ Kd3 68. Nxf2+ Ke2 69. Ng4 h5 70. Nf6 h4 71. Ne4 Kf1 72. Nxg5 Kxg2 73. Ke4 Kg3 74. Ke3 Ba6 75. Ke4 Bb7+ 76. Ke3 Kg2 77. Kf4 Bc8 78. Ke3 Kg3 79. Ke4 Bb7+ 80. Ke3 Bxf3 81. Nxf3 h3 82. Ke2 h2 83. Nxh2 Kxh2 1/2-1/2